Guess the Taylor Swift Song with No Hints - 18 - Statistics

General Stats
  • This quiz has been taken 50 times
  • The average score is 297 of 370
Answer Stats
Answer % Correct
I
100%
a
98%
he
98%
the
98%
The
98%
an
95%
And
95%
and
95%
on
95%
to
95%
we
95%
In
93%
it
93%
was
93%
When
93%
when
93%
you
93%
is
91%
my
91%
that
91%
That
91%
don't
89%
have
89%
have"
89%
his
89%
know
89%
we're
89%
'Cause
86%
her,
86%
her
86%
of
86%
should
86%
your
86%
as
84%
could
84%
if
84%
it's
84%
Our
84%
our
84%
real
84%
said,
84%
said
84%
say,
84%
all
82%
for
82%
phone,
82%
slow
82%
song"
82%
song
82%
with
82%
didn't
80%
front
80%
hair
80%
He's
80%
how
80%
talk
80%
way
80%
door
77%
got
77%
Got
77%
just
77%
late,
77%
mama
77%
seat
77%
window
77%
wrong?"
77%
wrong
77%
car
75%
down
75%
look
75%
out
75%
ridin'
75%
says,
75%
says
75%
something
75%
thinkin'
75%
undone
75%
again
73%
again,
73%
"Baby,
73%
God
73%
home,
73%
kiss
73%
"Nothing,
73%
other
73%
tapping
73%
been
70%
first
70%
heart
70%
Oh,
70%
oh
70%
radio
70%
screen
70%
shotgun
70%
Askin'
68%
him,
68%
laugh
68%
play
68%
Sneakin'
68%
up
68%
wheel
68%
"Amen"
66%
"Man,
66%
slamming
66%
Asking
64%
date,
64%
every
64%
good
64%
Had
64%
steering
64%
well
64%
around,
61%
day
61%
everything
61%
I've
61%
turn
61%
one-hand
59%
'fore
57%
gone
57%
after
55%
yeah
55%
feel
52%
heard
52%
notice
52%
roses
52%
wrote
52%
away
50%
come
50%
lost
50%
lovin'
50%
note
50%
talks
50%
walkin'
50%
almost
48%
bed
48%
listened
48%
album,
45%
hallway,
45%
old
43%
porch
43%
thrown
43%
trampled
43%
laughs
41%
napkin
41%
pen
41%
grabbed
39%
mama
39%
laugh
36%
steps
36%
screen
30%
Waited
20%
shptgun
2%
No matching quizzes found
Score Distribution
Percent of People with Each Score
Percentile by Number Answered
Your Score History
You have not taken this quiz